D. Enrique de Martos y Navarrete, alcayde perpetuo de la Casa Real, y Fuerte (Record no. 8150)
[ view plain ]
| 000 -CABECERA | |
|---|---|
| campo de control de longitud fija | 01551nam a2200265 a 4500 |
| 001 - NÚMERO DE CONTROL | |
| campo de control | BRCA_8483 |
| 005 - FECHA Y HORA DE LA ÚLTIMA TRANSACCIÓN | |
| campo de control | 20190320210313.0 |
| 008 - DATOS DE LONGITUD FIJA--INFORMACIÓN GENERAL | |
| campo de control de longitud fija | 180316s1752----sp-#######---#000-0#spa-# |
| 041 ## - CÓDIGO DE LENGUA | |
| Código de lengua del texto/banda sonora o título independiente | spa |
| 044 ## - CÓDIGO DEL PAÍS DE LA ENTIDAD EDITORA/PRODUCTORA | |
| Código MARC del país | sp |
| 084 ## - OTRO NÚMERO DE CLASIFICACIÓN | |
| Número de clasificación | DOC7 |
| Número de documento/Ítem | .E57 |
| -- | 1752 |
| 245 10 - MENCIÓN DE TÍTULO | |
| Título | D. Enrique de Martos y Navarrete, alcayde perpetuo de la Casa Real, y Fuerte |
| Mención de responsabilidad, etc. | Juan Muñoz, Enrique de Martos y Navarrete. |
| 260 ## - PUBLICACIÓN, DISTRIBUCIÓN, ETC. | |
| Lugar de publicación, distribución, etc. | Granada, España |
| Fecha de publicación, distribución, etc. | 1752 |
| 300 ## - DESCRIPCIÓN FÍSICA | |
| Extensión | [1] foja |
| Dimensiones | 30 x 20 cm. |
| 500 ## - NOTA GENERAL | |
| Nota general | Documento expedido el 8 de agosto de 1752 |
| 500 ## - NOTA GENERAL | |
| Nota general | Estado de conservación: contiene dobleces y esta rota |
| 505 0# - NOTA DE CONTENIDO CON FORMATO | |
| Nota de contenido con formato | D. Enrique de Martos y Navarrete, alcayde perpetuo de la Casa Real, y Fuerte, con la denominacion desde tiempo de Moros de la Casa Real de las Gallinas, sus Terrazgos, Dehesas, y Jurisdiccion, Extramuros de la Ciudad de Granada, y Subdelegado de Marina en esta Puebla, y su partido, uno de los cinco que componen la provincia de Malaga. Por la presente concedo licencia, y seguro passaporte a Juan Muñoz delineador y maestro de carpintero de Rivera de la Real Maestranza para G. parte de la Ciudad de Granada a dependencias propias |
| 506 0# - NOTA DE RESTRICCIONES AL ACCESO | |
| Limitaciones de acceso | Fondo reservado: para su consulta es necesario credencial de usuario y carta de motivos. |
| 546 ## - NOTA DE LENGUA/LENGUAJE | |
| Nota de lengua/lenguaje | Texto en: español de finales del siglo XIX |
| 600 14 - PUNTO DE ACCESO ADICIONAL DE MATERIA--NOMBRE DE PERSONA | |
| Nombre de persona | Martos y Navarrete, Enrique de |
| Títulos y otros términos asociados al nombre | Alcayde Perpetuo de la Casa Real |
| 9 (RLIN) | 21261 |
| 600 14 - PUNTO DE ACCESO ADICIONAL DE MATERIA--NOMBRE DE PERSONA | |
| Nombre de persona | Juan, Muñoz |
| Títulos y otros términos asociados al nombre | Delineador y Maestro de Carpintero de Rivera |
| 9 (RLIN) | 21262 |
| 650 14 - PUNTO DE ACCESO ADICIONAL DE MATERIA--TÉRMINO DE MATERIA | |
| Término de materia o nombre geográfico como elemento de entrada | Documentos legales |
| Subdivisión geográfica | España |
| 9 (RLIN) | 12614 |
| 902 ## - CATALOGADOR | |
| Iniciales | DDH |
| 942 ## - ELEMENTOS DE PUNTO DE ACCESO ADICIONAL (KOHA) | |
| Fuente del sistema de clasificación o colocación | Library of Congress Classification |
| Tipo de ítem Koha | Documentos |
| Estado de retiro | Estado de pérdida | Estado dañado | No para préstamo | Localización permanente | Ubicación/localización actual | Fecha de adquisición | Total de préstamos | Signatura topográfica completa | Código de barras | Fecha visto por última vez | Precio válido a partir de | Tipo de ítem Koha |
|---|---|---|---|---|---|---|---|---|---|---|---|---|
| El ejemplar forma parte de la colección y puede ser consultado según las políticas vigentes. | Biblioteca del Museo Franz Mayer (Rogerio Casas-Alatriste) | Biblioteca del Museo Franz Mayer (Rogerio Casas-Alatriste) | 18/03/2016 | DOC7 .E57 1752 | 9154 | 22/03/2019 | 22/03/2019 | Documentos |